000 00793nam a2200265Ia 4500
003 OSt
005 20220924115333.0
006 a|||||r|||| 00| 0
007 ta
008 220923b |||||||| |||| 00| 0 urd d
020 _a9383322446 (hbk)
020 _cINR 300.00
024 _a324343
037 _b4934, 25/02/2017, Kitabi Duniya
_cTextual
040 _aARTS
_cARTS
_burd
041 _2urd
_aurd
082 _aO168,3NMA:g, Q5
100 _aHuda Sarwarul Au.
_9177843
245 0 _aBalraj Manra
_b ek natamam safar
260 _aDelhi
_bArshia publications India
_c2015
300 _a356p.
_ccm.
650 _aURDU FICTION
_93298
942 _hO168,3NMA:g, Q5
_cTEXL
_2CC
999 _c397895
_d397895